Central Library OPAC University of Rajshahi

Samuel Taylor Coleridge : (Record no. 55662)

MARC details
000 -LEADER
fixed length control field 00852nam a2200253 a 4500
001 - CONTROL NUMBER
control field 55662
003 - CONTROL NUMBER IDENTIFIER
rucl marc code BD-RjUL
005 - DATE AND TIME OF LATEST TRANSACTION
control field 20211209080310.0
008 - FIXED-LENGTH DATA ELEMENTS--GENERAL INFORMATION
fixed length control field 161120r19501938enk b 000 0beng
035 ## - SYSTEM CONTROL NUMBER
System control number (BD-RjUL)55786
040 ## - CATALOGING SOURCE
Original cataloging agency DLC
Transcribing agency DLC
Modifying agency BD-RjUL
Language of cataloging eng
041 ## - LANGUAGE CODE
Language code of text/sound track or separate title eng
082 ## - DEWEY DECIMAL CLASSIFICATION NUMBER
Edition number 23
Classification number 821.7
Author mark and year CHS 1950
100 1# - MAIN ENTRY--PERSONAL NAME
Personal name Chambers, E. K.
Fuller form of name (Edmund Kerchever),
Dates associated with a name 1866-1954.
9 (RLIN) 165798
245 10 - TITLE STATEMENT
Title Samuel Taylor Coleridge :
Remainder of title a biographical study /
Statement of responsibility, etc. by E. K. Chambers
260 ## - PUBLICATION, DISTRIBUTION, ETC. (IMPRINT)
Place of publication, distribution, etc. Oxford :
Name of publisher, distributor, etc. Clarendon Press,
Date of publication, distribution, etc. 1938 Reprinted 1950]
300 ## - PHYSICAL DESCRIPTION
Pagination xvi, 373 p. ;
Size 23 cm
500 ## - GENERAL NOTE
General note "Letters from Coleridge": p. [333]-358
504 ## - BIBLIOGRAPHY, ETC. NOTE
Bibliography, etc Includes index
Bibliography, etc "Tables of references": p. [xii]-xvi
600 10 - SUBJECT ADDED ENTRY--PERSONAL NAME
Personal name Coleridge, Samuel Taylor,
Dates associated with a name 1772-1834.
650 #0 - SUBJECT ADDED ENTRY--TOPICAL TERM
Topical term or geographic name as entry element Authors, English
Chronological subdivision 19th century
Form subdivision Biography
9 (RLIN) 165800
942 ## - ADDED ENTRY ELEMENTS (KOHA)
Source of classification or shelving scheme Dewey Decimal Classification
Koha item type Books
Holdings
Lost status Source of classification or shelving scheme Damaged status Not for loan Collection code Permanent Location Current Location Shelving location Date acquired Source of acquisition Cost, normal purchase price Total Checkouts Full call number Date last seen Copy number Koha item type
  Dewey Decimal Classification     Non-fiction Central Library, University of Rajshahi Central Library, University of Rajshahi   09/08/1955 O.U.P 12.80   821.7 CHS 1950 20/11/2016 C-2 Books
  Dewey Decimal Classification     Non-fiction Central Library, University of Rajshahi Central Library, University of Rajshahi   16/02/1963 Zeitlinger 35.00   821.7 CHS 1950 10/03/2020 C-3 Books